[Event "DEM U14w 2018"]
[Site "Willingen GER"]
[Date "2018.05.23"]
[Round "5"]
[White "Pavlov, Liliane"]
[Black "Rudolph, Eva"]
[Result "0-1"]
[Termination "normal"]
[Board "7"]
[WhiteElo "1605"]
[BlackElo "1760"]
[WhiteClock "00:38:41"]
[BlackClock "00:25:20"]
[PlyCount "116"]
[WhiteFideId "16225449"]
[BlackFideId "16200594"]
[EventCountry "GER"]
[EventRounds "9"]
[EventType "swiss"]
[EventDate "2018.05.19"]

1. e4 {[%clk 1:30:57]} 1... e5 {[%clk 1:30:52]} 2. d4 {[%clk 1:31:22]} 2...
exd4 {[%clk 1:31:15]} 3. Qxd4 {[%clk 1:31:45]} 3... Nc6 {[%clk 1:31:13]} 4. Qe3
{[%clk 1:31:47]} 4... Nf6 {[%clk 1:30:39]} 5. Nc3 {[%clk 1:28:21]} 5... Bb4 {
[%clk 1:30:32]} 6. Bc4 {[%clk 1:26:18]} 6... O-O {[%clk 1:29:10]} 7. Nge2 {
[%clk 1:19:00]} 7... Re8 {[%clk 1:26:26]} 8. Bd2 {[%clk 1:15:30]} 8... d6 {
[%clk 1:22:01]} 9. O-O-O {[%clk 1:13:30]} 9... a6 {[%clk 1:20:07]} 10. a3 {
[%clk 1:09:23]} 10... Bc5 {[%clk 1:12:32]} 11. Qf4 {[%clk 1:08:44]} 11... b5 {
[%clk 1:09:24]} 12. Ba2 {[%clk 1:08:09]} 12... Ne5 {[%clk 1:05:48]} 13. f3 {
[%clk 1:04:36]} 13... Rb8 {[%clk 0:52:06]} 14. Nd5 {[%clk 1:00:32]} 14... Nxd5
{[%clk 0:42:40]} 15. Bxd5 {[%clk 0:59:59]} 15... b4 {[%clk 0:37:35]} 16. axb4 {
[%clk 0:59:46]} 16... Bxb4 {[%clk 0:37:22]} 17. Bc3 {[%clk 0:56:16]} 17... Bxc3
{[%clk 0:34:07]} 18. Nxc3 {[%clk 0:56:31]} 18... c6 {[%clk 0:28:45]} 19. Bb3 {
[%clk 0:55:34]} 19... Be6 {[%clk 0:27:04]} 20. Bxe6 {[%clk 0:55:41]} 20... Rxe6
{[%clk 0:27:03]} 21. b3 {[%clk 0:47:23]} 21... Qa5 {[%clk 0:25:26]} 22. Kd2 {
[%clk 0:43:00]} 22... c5 23. Ra1 {[%clk 0:42:05]} 23... Qc7 {[%clk 0:17:30]}
24. Nd5 {[%clk 0:40:16]} 24... Qc6 {[%clk 0:14:31]} 25. Ke1 {[%clk 0:37:12]}
25... Ng6 {[%clk 0:10:42]} 26. Qg4 {[%clk 0:34:55]} 26... Qxd5 {[%clk 0:09:34]}
27. Rd1 {[%clk 0:34:06]} 27... Qe5 {[%clk 0:09:19]} 28. Kf2 {[%clk 0:30:25]}
28... Qf4 {[%clk 0:05:42]} 29. Qf5 {[%clk 0:26:07]} 29... Re7 {[%clk 0:04:08]}
30. Qxf4 {[%clk 0:26:17]} 30... Nxf4 {[%clk 0:04:37]} 31. Rxd6 {[%clk 0:26:30]}
31... f5 {[%clk 0:02:49]} 32. g3 {[%clk 0:26:01]} 32... Nh3+ {[%clk 0:02:24]}
33. Kg2 {[%clk 0:25:09]} 33... Ng5 {[%clk 0:02:36]} 34. Rf1 {[%clk 0:21:00]}
34... fxe4 {[%clk 0:02:28]} 35. fxe4 {[%clk 0:21:18]} 35... Nxe4 { [%clk
0:02:17]} 36. Rxa6 {[%clk 0:21:03]} 36... Rf8 {[%clk 0:02:19]} 37. Rxf8+ {[%clk
0:16:01]} 37... Kxf8 {[%clk 0:02:47]} 38. Ra4 {[%clk 0:16:14]} 38... Kf7 {[%clk
0:02:45]} 39. h4 {[%clk 0:14:54]} 39... h5 {[%clk 0:02:04]} 40. Kf3 { [%clk
0:14:00]} 40... Nd2+ {[%clk 0:02:14]} 41. Kf4 {[%clk 0:13:12]} 41... g6 { [%clk
0:00:46]} 42. Ra5 {[%clk 0:11:25]} 42... Kf6 {[%clk 0:30:01]} 43. Ra6+ { [%clk
0:40:27]} 43... Re6 {[%clk 0:30:07]} 44. Rxe6+ {[%clk 0:40:33]} 44... Kxe6
{[%clk 0:30:36]} 45. Ke3 {[%clk 0:40:40]} 45... Nf1+ {[%clk 0:29:55]} 46. Kf2
{[%clk 0:40:23]} 46... Nd2 {[%clk 0:25:42]} 47. Ke3 {[%clk 0:40:26]} 47... Nb1
{[%clk 0:24:55]} 48. Kd3 {[%clk 0:39:54]} 48... Kd5 {[%clk 0:23:29]} 49. c4+
{[%clk 0:39:44]} 49... Ke5 {[%clk 0:23:46]} 50. Kc2 {[%clk 0:38:12]} 50... Na3+
{[%clk 0:23:41]} 51. Kb2 {[%clk 0:36:46]} 51... Nxc4+ {[%clk 0:23:53]} 52. bxc4
{[%clk 0:37:09]} 52... Kd4 {[%clk 0:24:14]} 53. Kb3 {[%clk 0:37:24]} 53... Kd3
{[%clk 0:24:37]} 54. Kb2 {[%clk 0:37:15]} 54... Kxc4 {[%clk 0:24:55]} 55. Kc2
{[%clk 0:37:38]} 55... Kd4 {[%clk 0:25:18]} 56. Kd2 {[%clk 0:37:57]} 56... c4
{[%clk 0:25:27]} 57. Kc2 {[%clk 0:38:14]} 57... c3 {[%clk 0:25:49]} 58. Kc1
{[%clk 0:38:41]} 58... Ke3 {[%clk 0:25:20]} 0-1

[Event "DEM U14w 2018"]
[Site "Willingen GER"]
[Date "2018.05.23"]
[Round "5"]
[White "Barutta, Larissa"]
[Black "Ortlepp, Klaudia"]
[Result "1-0"]
[Termination "normal"]
[Board "8"]
[WhiteElo "1676"]
[BlackElo "1505"]
[WhiteClock "00:45:55"]
[BlackClock "00:28:06"]
[PlyCount "85"]
[WhiteFideId "16222946"]
[BlackFideId "16206045"]
[EventCountry "GER"]
[EventRounds "9"]
[EventType "swiss"]
[EventDate "2018.05.19"]

1. d4 {[%clk 1:30:57]} 1... f5 {[%clk 1:30:52]} 2. Nc3 {[%clk 1:31:23]} 2...
Nf6 {[%clk 1:31:13]} 3. Bg5 {[%clk 1:31:49]} 3... g6 {[%clk 1:30:11]} 4. h4 {
[%clk 1:32:08]} 4... Bg7 {[%clk 1:29:50]} 5. h5 {[%clk 1:32:32]} 5... Nc6 {
[%clk 1:23:45]} 6. e4 {[%clk 1:30:27]} 6... fxe4 {[%clk 1:19:21]} 7. Bxf6 {
[%clk 1:29:44]} 7... Bxf6 {[%clk 1:14:42]} 8. hxg6 {[%clk 1:28:22]} 8... hxg6 {
[%clk 1:05:08]} 9. Rxh8+ {[%clk 1:28:43]} 9... Bxh8 {[%clk 1:05:26]} 10. Qg4 {
[%clk 1:27:31]} 10... Kf7 {[%clk 1:04:47]} 11. Nh3 {[%clk 1:19:32]} 11... d5 {
[%clk 0:55:40]} 12. Ng5+ {[%clk 1:15:26]} 12... Kg7 {[%clk 0:54:13]} 13. Qh4 {
[%clk 1:14:22]} 13... Qg8 {[%clk 0:45:52]} 14. O-O-O {[%clk 1:11:54]} 14... Be6
{[%clk 0:39:42]} 15. Be2 {[%clk 1:10:09]} 15... Rd8 {[%clk 0:20:03]} 16. Rh1 {
[%clk 1:08:58]} 16... Nxd4 {[%clk 0:18:54]} 17. Qh6+ {[%clk 1:04:05]} 17... Kf6
{[%clk 0:19:10]} 18. Nh7+ {[%clk 1:02:53]} 18... Kf7 {[%clk 0:18:24]} 19. Qf4+
{[%clk 0:51:04]} 19... Ke8 {[%clk 0:15:24]} 20. Ng5 {[%clk 0:47:25]} 20... Qf8
{[%clk 0:13:30]} 21. Qxf8+ {[%clk 0:47:07]} 21... Kxf8 {[%clk 0:13:32]} 22.
Rxh8+ {[%clk 0:47:29]} 22... Bg8 {[%clk 0:13:40]} 23. Rh3 {[%clk 0:46:41]}
23... Kg7 {[%clk 0:12:50]} 24. Rh1 {[%clk 0:45:44]} 24... Kf6 {[%clk 0:12:56]}
25. Nh3 {[%clk 0:46:05]} 25... e5 {[%clk 0:12:21]} 26. Rd1 {[%clk 0:43:44]}
26... c5 {[%clk 0:11:26]} 27. Rd2 {[%clk 0:40:28]} 27... a6 {[%clk 0:10:34]}
28. a4 {[%clk 0:39:24]} 28... Be6 {[%clk 0:10:01]} 29. Ng1 {[%clk 0:37:24]}
29... Rh8 {[%clk 0:07:59]} 30. f3 {[%clk 0:32:48]} 30... e3 {[%clk 0:07:16]}
31. Rd1 {[%clk 0:32:49]} 31... Rd8 {[%clk 0:06:50]} 32. Bf1 {[%clk 0:32:19]}
32... c4 {[%clk 0:05:39]} 33. Nge2 {[%clk 0:32:23]} 33... Nc6 {[%clk 0:05:01]}
34. g3 {[%clk 0:31:39]} 34... g5 {[%clk 0:02:46]} 35. Bg2 {[%clk 0:31:32]}
35... Nb4 {[%clk 0:02:45]} 36. f4 {[%clk 0:30:34]} 36... gxf4 {[%clk 0:02:37]}
37. gxf4 {[%clk 0:30:45]} 37... d4 {[%clk 0:02:05]} 38. Ne4+ {[%clk 0:30:23]}
38... Ke7 {[%clk 0:01:40]} 39. Rh1 {[%clk 0:24:09]} 39... Bg4 {[%clk 0:01:32]}
40. Rh7+ {[%clk 0:23:59]} 40... Kf8 {[%clk 0:01:04]} 41. fxe5 {[%clk 0:16:00]}
41... Bxe2 {[%clk 0:29:45]} 42. e6 {[%clk 0:46:22]} 42... Re8 {[%clk 0:28:06]}
43. Rf7+ {[%clk 0:45:55]} 1-0

[Event "DEM U14w 2018"]
[Site "Willingen GER"]
[Date "2018.05.23"]
[Round "5"]
[White "Wucherer, Sophie"]
[Black "Kunisch, Nina"]
[Result "0-1"]
[Termination "normal"]
[Board "9"]
[WhiteElo "1340"]
[BlackElo "1704"]
[WhiteClock "00:20:03"]
[BlackClock "00:19:57"]
[PlyCount "102"]
[WhiteFideId "16225473"]
[BlackFideId "12982849"]
[EventCountry "GER"]
[EventRounds "9"]
[EventType "swiss"]
[EventDate "2018.05.19"]

1. d4 {[%clk 1:30:57]} 1... Nf6 {[%clk 1:30:48]} 2. Nf3 {[%clk 1:31:20]} 2...
g6 {[%clk 1:31:07]} 3. c4 {[%clk 1:31:26]} 3... Bg7 {[%clk 1:30:34]} 4. g3 {
[%clk 1:30:52]} 4... O-O {[%clk 1:27:45]} 5. Bg2 {[%clk 1:31:14]} 5... d6 {
[%clk 1:25:29]} 6. O-O {[%clk 1:31:06]} 6... Nbd7 {[%clk 1:24:23]} 7. Nc3 {
[%clk 1:30:36]} 7... a6 {[%clk 1:21:19]} 8. h3 {[%clk 1:25:03]} 8... Qe8 {
[%clk 1:15:55]} 9. Re1 {[%clk 1:24:05]} 9... e5 {[%clk 1:12:49]} 10. e4 { [%clk
1:22:59]} 10... exd4 {[%clk 1:03:29]} 11. Nxd4 {[%clk 1:22:55]} 11... Ne5
{[%clk 0:56:45]} 12. b3 {[%clk 1:17:40]} 12... Nfd7 {[%clk 0:45:13]} 13. f4 {
[%clk 1:03:08]} 13... Nc6 {[%clk 0:43:50]} 14. Be3 {[%clk 1:03:27]} 14... Nc5 {
[%clk 0:38:13]} 15. Qd2 {[%clk 0:56:56]} 15... Nxd4 {[%clk 0:29:33]} 16. Bxd4 {
[%clk 0:57:01]} 16... Bxd4+ {[%clk 0:30:00]} 17. Qxd4 {[%clk 0:57:05]} 17...
Ne6 {[%clk 0:24:16]} 18. Qd2 {[%clk 0:53:49]} 18... Rb8 {[%clk 0:21:33]} 19. f5
{[%clk 0:42:21]} 19... Ng7 {[%clk 0:18:15]} 20. f6 {[%clk 0:39:30]} 20... Nh5 {
[%clk 0:17:46]} 21. Nd5 {[%clk 0:34:32]} 21... Qe5 {[%clk 0:15:40]} 22. g4 {
[%clk 0:29:48]} 22... Nxf6 {[%clk 0:13:38]} 23. Nxc7 {[%clk 0:29:28]} 23... h5
{[%clk 0:12:53]} 24. g5 {[%clk 0:27:19]} 24... Nh7 {[%clk 0:13:04]} 25. Nd5 {
[%clk 0:26:01]} 25... Nxg5 {[%clk 0:12:44]} 26. Qd3 {[%clk 0:23:20]} 26... Be6
{[%clk 0:10:19]} 27. Rad1 {[%clk 0:22:09]} 27... Rbd8 {[%clk 0:09:43]} 28. Re3
{[%clk 0:19:51]} 28... Rfe8 {[%clk 0:07:51]} 29. Nc7 {[%clk 0:18:01]} 29... Re7
{[%clk 0:08:03]} 30. Nxe6 {[%clk 0:18:16]} 30... Nxe6 {[%clk 0:08:07]} 31. Qd5
{[%clk 0:17:17]} 31... Nf4 {[%clk 0:06:44]} 32. Qxe5 {[%clk 0:16:04]} 32...
Rxe5 {[%clk 0:07:03]} 33. Bh1 {[%clk 0:16:08]} 33... b6 {[%clk 0:04:26]} 34.
Kf2 {[%clk 0:11:51]} 34... Kg7 {[%clk 0:03:29]} 35. Kg3 {[%clk 0:09:15]} 35...
Ne6 {[%clk 0:03:32]} 36. Red3 {[%clk 0:08:43]} 36... h4+ {[%clk 0:02:46]} 37.
Kf2 {[%clk 0:05:12]} 37... Ra5 {[%clk 0:02:16]} 38. a4 {[%clk 0:04:28]} 38...
b5 {[%clk 0:02:08]} 39. cxb5 {[%clk 0:03:05]} 39... axb5 {[%clk 0:02:14]} 40.
axb5 {[%clk 0:03:23]} 40... Rxb5 {[%clk 0:02:30]} 41. e5 {[%clk 0:26:46]} 41...
Rxe5 {[%clk 0:31:18]} 42. Rxd6 {[%clk 0:27:09]} 42... Rxd6 {[%clk 0:29:55]} 43.
Rxd6 {[%clk 0:27:32]} 43... Rf5+ {[%clk 0:29:42]} 44. Ke1 {[%clk 0:24:38]}
44... Nf4 {[%clk 0:26:21]} 45. Rd4 {[%clk 0:24:02]} 45... g5 {[%clk 0:25:15]}
46. Bf3 {[%clk 0:23:27]} 46... Nxh3 {[%clk 0:24:25]} 47. Bg4 {[%clk 0:23:18]}
47... Rf4 {[%clk 0:23:25]} 48. Rxf4 {[%clk 0:23:10]} 48... Nxf4 {[%clk 0:23:50]
} 49. Kf2 {[%clk 0:22:40]} 49... Kf6 {[%clk 0:23:53]} 50. Kf3 {[%clk 0:20:19]}
50... Ke5 {[%clk 0:23:52]} 51. b4 {[%clk 0:20:03]} 51... f5 {[%clk 0:19:57]}
0-1

[Event "DEM U14w 2018"]
[Site "Willingen GER"]
[Date "2018.05.23"]
[Round "5"]
[White "Jacoby, Angelina"]
[Black "Schneider, Katharina"]
[Result "0-1"]
[Termination "normal"]
[Board "10"]
[WhiteElo "1221"]
[BlackElo "1667"]
[WhiteClock "00:00:41"]
[BlackClock "00:01:53"]
[PlyCount "84"]
[WhiteFideId "12999008"]
[BlackFideId "16200519"]
[EventCountry "GER"]
[EventRounds "9"]
[EventType "swiss"]
[EventDate "2018.05.19"]

1. d4 {[%clk 1:30:58]} 1... d5 {[%clk 1:30:56]} 2. Bf4 {[%clk 1:31:22]} 2... e6
{[%clk 1:30:12]} 3. e3 {[%clk 1:31:24]} 3... c5 {[%clk 1:27:59]} 4. Nf3 { [%clk
1:24:22]} 4... Nc6 {[%clk 1:24:19]} 5. Nc3 {[%clk 1:23:22]} 5... Bd6 { [%clk
1:17:43]} 6. Bg3 {[%clk 1:21:48]} 6... Bxg3 {[%clk 1:11:45]} 7. hxg3 { [%clk
1:22:09]} 7... cxd4 {[%clk 1:07:49]} 8. Nxd4 {[%clk 1:16:10]} 8... e5 { [%clk
1:02:08]} 9. Nf3 {[%clk 1:12:51]} 9... Nf6 {[%clk 0:56:19]} 10. Bb5 { [%clk
1:10:24]} 10... Bg4 {[%clk 0:54:02]} 11. Be2 {[%clk 1:07:17]} 11... e4 { [%clk
0:45:51]} 12. Nd4 {[%clk 1:05:54]} 12... Bxe2 {[%clk 0:43:41]} 13. Ncxe2 {[%clk
1:03:37]} 13... Qb6 {[%clk 0:41:30]} 14. Nxc6 {[%clk 0:57:34]} 14... bxc6
{[%clk 0:31:08]} 15. Qd4 {[%clk 0:56:43]} 15... O-O {[%clk 0:31:26]} 16. O-O
{[%clk 0:55:44]} 16... Rab8 {[%clk 0:29:37]} 17. b3 {[%clk 0:53:40]} 17... c5
{[%clk 0:29:05]} 18. Qc3 {[%clk 0:41:06]} 18... Rfd8 {[%clk 0:25:48]} 19. Rfd1
{[%clk 0:35:02]} 19... Rbc8 {[%clk 0:23:20]} 20. Qb2 {[%clk 0:24:13]} 20... Rd6
{[%clk 0:18:28]} 21. Rd2 {[%clk 0:16:26]} 21... Rcd8 {[%clk 0:16:39]} 22. Rad1
{[%clk 0:15:11]} 22... h6 {[%clk 0:14:17]} 23. c3 {[%clk 0:11:58]} 23... a5
{[%clk 0:12:01]} 24. Nf4 {[%clk 0:08:32]} 24... g5 {[%clk 0:09:53]} 25. Ne2
{[%clk 0:08:05]} 25... Ng4 {[%clk 0:09:19]} 26. a3 {[%clk 0:01:53]} 26... Rf6
{[%clk 0:04:29]} 27. Nc1 {[%clk 0:02:01]} 27... Rfd6 {[%clk 0:04:12]} 28. Ne2
{[%clk 0:02:12]} 28... Ne5 {[%clk 0:03:46]} 29. Nc1 {[%clk 0:01:32]} 29... c4
{[%clk 0:03:02]} 30. b4 {[%clk 0:01:25]} 30... Nd3 {[%clk 0:03:04]} 31. Nxd3
{[%clk 0:01:38]} 31... exd3 {[%clk 0:03:19]} 32. Qc1 {[%clk 0:01:09]} 32...
axb4 {[%clk 0:03:29]} 33. axb4 {[%clk 0:01:30]} 33... Ra8 {[%clk 0:03:34] } 34.
Qb2 {[%clk 0:01:39]} 34... Qb5 {[%clk 0:03:05]} 35. Ra1 {[%clk 0:01:12]} 35...
Rda6 {[%clk 0:02:55]} 36. Rb1 {[%clk 0:01:22]} 36... Ra3 {[%clk 0:01:55]} 37.
Qc1 {[%clk 0:00:46]} 37... Ra2 {[%clk 0:01:07]} 38. Rxa2 {[%clk 0:00:59]} 38...
Rxa2 {[%clk 0:01:32]} 39. Rb2 {[%clk 0:01:22]} 39... Qa4 {[%clk 0:01:05]} 40.
Rxa2 {[%clk 0:01:01]} 40... Qxa2 {[%clk 0:01:29]} 41. Kf1 {[%clk 0:01:07]}
41... Qe2+ {[%clk 0:01:53]} 42. Kg1 {[%clk 0:00:41]} 42... d2 0-1

[Event "DEM U14w 2018"]
[Site "Willingen GER"]
[Date "2018.05.23"]
[Round "5"]
[White "Schwegler, Jelena"]
[Black "Khamenya, Vitalia"]
[Result "0-1"]
[Termination "normal"]
[Board "11"]
[WhiteElo "1491"]
[BlackElo "1792"]
[WhiteClock "00:23:17"]
[BlackClock "00:12:17"]
[PlyCount "64"]
[WhiteFideId "16225481"]
[BlackFideId "12959260"]
[EventCountry "GER"]
[EventRounds "9"]
[EventType "swiss"]
[EventDate "2018.05.19"]

1. d4 {[%clk 1:30:56]} 1... Nf6 {[%clk 1:30:43]} 2. Nc3 {[%clk 1:31:17]} 2...
g6 {[%clk 1:30:42]} 3. e4 {[%clk 1:31:40]} 3... Bg7 {[%clk 1:31:04]} 4. Be3 {
[%clk 1:32:03]} 4... O-O {[%clk 8:11:12]} 5. f3 {[%clk 1:31:29]} 5... d6 {
[%clk 1:31:16]} 6. Qd2 {[%clk 1:31:20]} 6... a6 {[%clk 1:30:59]} 7. h4 { [%clk
1:30:52]} 7... Nbd7 {[%clk 1:29:18]} 8. h5 {[%clk 1:28:09]} 8... Nxh5 { [%clk
1:27:50]} 9. Nge2 {[%clk 1:28:26]} 9... Re8 {[%clk 1:23:53]} 10. g4 { [%clk
1:26:46]} 10... Nhf6 {[%clk 1:23:42]} 11. Bh6 {[%clk 1:25:17]} 11... Bh8 {[%clk
1:22:05]} 12. Ng3 {[%clk 1:16:20]} 12... c5 {[%clk 1:11:06]} 13. dxc5 { [%clk
1:09:11]} 13... Nxc5 {[%clk 1:09:50]} 14. Bg5 {[%clk 1:07:07]} 14... Ne6 {[%clk
1:01:43]} 15. Bxf6 {[%clk 1:06:31]} 15... Bxf6 {[%clk 1:01:51]} 16. f4 { [%clk
0:59:48]} 16... Qa5 {[%clk 0:57:11]} 17. Nd5 {[%clk 0:51:35]} 17... Qxd2+
{[%clk 0:55:33]} 18. Kxd2 {[%clk 0:51:59]} 18... Nxf4 {[%clk 0:40:53]} 19.
Nxf6+ {[%clk 0:45:04]} 19... exf6 {[%clk 0:41:13]} 20. Ke3 {[%clk 0:45:05]}
20... Nd5+ {[%clk 0:38:46]} 21. Kf3 {[%clk 0:42:46]} 21... Nb4 {[%clk 0:38:14]}
22. c3 {[%clk 0:42:19]} 22... Nc6 {[%clk 0:38:37]} 23. Be2 {[%clk 0:37:43]}
23... Ne5+ {[%clk 0:38:21]} 24. Kf4 {[%clk 0:37:58]} 24... g5+ {[%clk 0:37:46]}
25. Ke3 {[%clk 0:38:15]} 25... Nxg4+ {[%clk 0:37:23]} 26. Kd4 {[%clk 0:38:01]}
26... f5 {[%clk 0:21:39]} 27. Bxg4 {[%clk 0:34:28]} 27... fxg4 {[%clk 0:21:48]}
28. Nh5 {[%clk 0:34:43]} 28... Re6 {[%clk 0:19:43]} 29. Raf1 {[%clk 0:34:45]}
29... b5 {[%clk 0:15:46]} 30. Nf6+ {[%clk 0:34:55]} 30... Kg7 {[%clk 0:15:09]}
31. Nxh7 {[%clk 0:26:53]} 31... f6 {[%clk 0:13:53]} 32. Kd5 {[%clk 0:23:17]}
32... Bd7 {[%clk 0:12:17]} 0-1

[Event "DEM U14w 2018"]
[Site "Willingen GER"]
[Date "2018.05.23"]
[Round "5"]
[White "Prudlik, Elisa"]
[Black "Zixin, Li"]
[Result "1-0"]
[Termination "normal"]
[Board "12"]
[WhiteElo "1286"]
[BlackElo "1423"]
[WhiteClock "00:13:13"]
[BlackClock "00:07:33"]
[PlyCount "67"]
[WhiteFideId "16209915"]
[BlackFideId "16244770"]
[EventCountry "GER"]
[EventRounds "9"]
[EventType "swiss"]
[EventDate "2018.05.19"]

1. e4 {[%clk 1:30:58]} 1... e5 {[%clk 1:30:56]} 2. Nf3 {[%clk 1:31:22]} 2...
Nc6 {[%clk 1:31:17]} 3. Bb5 {[%clk 1:31:45]} 3... a6 {[%clk 1:31:43]} 4. Ba4 {
[%clk 1:32:07]} 4... Nf6 {[%clk 1:32:03]} 5. O-O {[%clk 1:32:28]} 5... Be7 {
[%clk 1:32:17]} 6. Re1 {[%clk 1:32:52]} 6... b5 {[%clk 1:32:33]} 7. Bb3 { [%clk
1:33:11]} 7... O-O {[%clk 1:32:52]} 8. c3 {[%clk 1:33:32]} 8... d6 { [%clk
1:33:18]} 9. h3 {[%clk 1:33:52]} 9... Na5 {[%clk 1:33:43]} 10. Bc2 { [%clk
1:34:14]} 10... c5 {[%clk 1:34:04]} 11. d4 {[%clk 1:34:02]} 11... Qc7 { [%clk
1:34:30]} 12. Be3 {[%clk 1:32:59]} 12... Nc4 {[%clk 1:31:55]} 13. Bc1 { [%clk
1:17:07]} 13... Bb7 {[%clk 1:32:13]} 14. Nbd2 {[%clk 1:17:03]} 14... Nxd2
{[%clk 1:32:11]} 15. Qxd2 {[%clk 1:17:02]} 15... cxd4 {[%clk 1:30:39]} 16. cxd4
{[%clk 1:16:29]} 16... Rac8 {[%clk 1:30:47]} 17. Bd3 {[%clk 1:14:27]} 17...
Rfd8 {[%clk 1:09:56]} 18. d5 {[%clk 1:09:44]} 18... h6 {[%clk 1:05:49]} 19. Nh4
{[%clk 1:07:26]} 19... Bf8 {[%clk 0:55:43]} 20. Re3 {[%clk 1:00:55]} 20... Kh7
{[%clk 0:51:43]} 21. Be2 {[%clk 0:47:07]} 21... Rb8 {[%clk 0:51:36]} 22. Rg3 {
[%clk 0:44:30]} 22... Nxe4 {[%clk 0:51:29]} 23. Bd3 {[%clk 0:44:40]} 23... f5 {
[%clk 0:51:17]} 24. Bxe4 {[%clk 0:37:04]} 24... fxe4 {[%clk 0:51:36]} 25. f3 {
[%clk 0:31:14]} 25... exf3 {[%clk 0:48:13]} 26. Qd3+ {[%clk 0:28:49]} 26... Kh8
{[%clk 0:45:40]} 27. Ng6+ {[%clk 0:25:22]} 27... Kg8 {[%clk 0:44:22]} 28. Qxf3
{[%clk 0:25:29]} 28... Qc5+ {[%clk 0:40:59]} 29. Kh1 {[%clk 0:20:26]} 29...
Bxd5 {[%clk 0:36:55]} 30. Qf5 {[%clk 0:18:30]} 30... Rb7 {[%clk 0:26:01]} 31.
Bxh6 {[%clk 0:17:13]} 31... Rf7 {[%clk 0:25:24]} 32. Qh5 {[%clk 0:13:56]} 32...
Bxa2 {[%clk 0:11:34]} 33. Be3 {[%clk 0:12:50]} 33... Rf1+ {[%clk 0:07:33]} 34.
Rxf1 {[%clk 0:13:13]} 1-0

[Event "DEM U14w 2018"]
[Site "Willingen GER"]
[Date "2018.05.23"]
[Round "5"]
[White "Fuchs, Emily"]
[Black "Mellugja, Ornela"]
[Result "1-0"]
[Termination "normal"]
[Board "13"]
[WhiteElo "1280"]
[BlackElo "747"]
[WhiteClock "00:25:23"]
[BlackClock "01:06:56"]
[PlyCount "83"]
[WhiteFideId "16208986"]
[BlackFideId "16265998"]
[EventCountry "GER"]
[EventRounds "9"]
[EventType "swiss"]
[EventDate "2018.05.19"]

1. e4 {[%clk 1:30:58]} 1... c6 {[%clk 1:30:29]} 2. d4 {[%clk 1:31:21]} 2... d5
{[%clk 1:30:24]} 3. exd5 {[%clk 1:31:46]} 3... cxd5 {[%clk 1:30:11]} 4. Bd3 {
[%clk 1:32:03]} 4... e6 {[%clk 1:29:23]} 5. Ne2 {[%clk 1:30:31]} 5... Nc6 {
[%clk 1:27:40]} 6. O-O {[%clk 1:28:56]} 6... Qb6 {[%clk 1:27:25]} 7. c3 { [%clk
1:26:31]} 7... Nf6 {[%clk 1:25:31]} 8. Qc2 {[%clk 1:25:28]} 8... Qc7 { [%clk
1:24:23]} 9. Bg5 {[%clk 1:21:05]} 9... Ng4 {[%clk 1:23:58]} 10. Ng3 { [%clk
1:17:23]} 10... h6 {[%clk 1:19:52]} 11. Bc1 {[%clk 1:04:58]} 11... g5 { [%clk
1:19:47]} 12. h3 {[%clk 1:03:35]} 12... h5 {[%clk 1:20:01]} 13. hxg4 { [%clk
0:55:23]} 13... h4 {[%clk 1:20:09]} 14. Ne2 {[%clk 0:46:23]} 14... h3 { [%clk
1:20:08]} 15. g3 {[%clk 0:43:39]} 15... f5 {[%clk 1:19:07]} 16. gxf5 { [%clk
0:43:06]} 16... exf5 {[%clk 1:19:12]} 17. Bxf5 {[%clk 0:43:12]} 17... Bd6
{[%clk 1:18:16]} 18. Bxc8 {[%clk 0:41:51]} 18... Rxc8 19. Qg6+ 19... Kd8 {
[%clk 1:16:19]} 20. Bxg5+ {[%clk 0:40:27]} 20... Ne7 {[%clk 1:16:27]} 21. Bxe7+
{[%clk 0:40:13]} 21... Qxe7 {[%clk 1:15:37]} 22. Qd3 {[%clk 0:38:40]} 22... h2+
{[%clk 1:14:09]} 23. Kh1 {[%clk 0:34:49]} 23... Qe6 {[%clk 1:13:19]} 24. Nd2 {
[%clk 0:33:35]} 24... Kd7 {[%clk 1:12:34]} 25. Rae1 {[%clk 0:32:40]} 25... Rcg8
{[%clk 1:12:09]} 26. Nf4 {[%clk 0:28:35]} 26... Bxf4 {[%clk 1:12:08]} 27. Rxe6
{[%clk 0:28:52]} 27... Kxe6 {[%clk 1:11:24]} 28. gxf4 {[%clk 0:28:16]} 28...
Rg7 {[%clk 1:09:56]} 29. Qe2+ {[%clk 0:27:06]} 29... Kd6 {[%clk 1:10:08]} 30.
Qe5+ {[%clk 0:27:21]} 30... Kc6 {[%clk 1:10:02]} 31. Qxg7 {[%clk 0:27:35]}
31... Rh3 {[%clk 1:09:45]} 32. Qg6+ {[%clk 0:27:35]} 32... Kb5 {[%clk 1:10:00]}
33. c4+ {[%clk 0:27:25]} 33... Ka4 {[%clk 1:09:23]} 34. Qc2+ {[%clk 0:25:56]}
34... Ka5 {[%clk 1:07:55]} 35. b4+ {[%clk 0:25:31]} 35... Kb6 {[%clk 1:07:51]}
36. Qg6+ {[%clk 0:25:22]} 36... Kc7 {[%clk 1:07:27]} 37. Qf7+ {[%clk 0:25:36]}
37... Kd6 {[%clk 1:07:27]} 38. c5+ {[%clk 0:25:09]} 38... Kc6 {[%clk 1:07:09]}
39. b5+ {[%clk 0:25:12]} 39... Kxb5 {[%clk 1:07:16]} 40. Rb1+ {[%clk 0:25:30]}
40... Ka5 {[%clk 1:07:03]} 41. Qxb7 {[%clk 0:25:23]} 41... Ka4 {[%clk 1:06:56]}
42. Qb4# 1-0